| 000 | 00417pab a2200157 454500 | ||
|---|---|---|---|
| 008 | 180718b1997 xxu||||| |||| 00| 0 eng d | ||
| 100 | _aKaladhar, K. | ||
| 245 | _aMicrofinance in India: design, structure and governance | ||
| 260 | _c1997 | ||
| 300 | _ap.2687-706 | ||
| 362 | _a18 Oct | ||
| 650 | _aPublic finance - India | ||
| 650 | _aPublic finance | ||
| 773 | _aEconomic and Political Weekly | ||
| 909 | _a36119 | ||
| 999 |
_c36119 _d36119 |
||